Normal view MARC view
  • Sethi, Ali.

Entry Personal Name

Number of records used in: 1

001 - CONTROL NUMBER

  • control field: 28135

003 - CONTROL NUMBER IDENTIFIER

  • control field: NUST

005 - DATE AND TIME OF LATEST TRANSACTION

  • control field: 20200128152640.0

008 - FIXED-LENGTH DATA ELEMENTS

  • fixed length control field: 200128|| aca||aabn | a|a d

040 ## - CATALOGING SOURCE

  • Original cataloging agency: NUST
  • Transcribing agency: NUST

100 ## - HEADING--PERSONAL NAME

  • Personal name: Sethi, Ali.

670 ## - SOURCE DATA FOUND

  • Source citation: Work cat.: (NUST)0: Sethi, Ali., The wish maker /, 2009.
© 2023 Central Library, National University of Sciences and Technology. All Rights Reserved.